000 01788nam2a22003131 4500
001 v19\rc\1712651
005 20250619034405.0
035 _a(NLR Aleph) 004812167
090 _a4938870
_c4938870
100 _a20061002d1910 |||y0rusy50 ca
101 0 _arus
102 _aRU
105 _aa z |||||
200 1 _aОкунь и щука
_fСост. П. Беркос, дир. Симб. обл. музея, б. ассист. при Каф. зоологии и сравнит. анатомии Имп. Воен.-мед. акад.
210 _d1910
_aБ. м.
215 _a61, [2] с., 44 ил., 1 л. цв. ил
320 _aБиблиогр.: "Важнейшая литература" (стр. 2)
461 0 _1001v19\rc\1712648
_12001#$aПрактическая зоотомия$fСост. П. Беркос, консерватор Музея и Ингеницкий, ассист. при Каф. зоологии и сравн. анатомии Имп. Воен.-мед. акад.$vВып. 3
_1700#1$aБеркос$bП.А.$gПетр Андреевич$4220
_94938845
_aБеркос, П.А.
_cСанкт-Петербург
_d1899-1910
_e2-е изд., испр. и доп. Вып. 1-
_fСост. П. Беркос, консерватор Музея и Ингеницкий, ассист. при Каф. зоологии и сравн. анатомии Имп. Воен.-мед. акад.
_nтипо-лит. М.Д. Рудометова
_tПрактическая зоотомия
_vВып. 3
801 0 _aRU
_bNLR
_gpsbo
801 0 _aRU
_bRuMoRGB
_2psbo
801 1 _aRU
_bProSoft-M
_2rusmarc
852 _aNLR
_j20.58.6.6
899 _aRuMoRGB
_jS 5/308
899 _aRuMoRGB
_jS 44/1066
899 _aБАН
899 _aНБ СПбГУ
899 _aНБ МГУ
942 _cBOOK
980 _aNB